Změň to : zbavte se strachu ze změn /
Tato kniha vás bude inspirovat ke změně, a to k jakékoli změně ať už v zaměstnání nebo v osobním životě.
Uloženo v:
| Hlavní autor: | |
|---|---|
| Další autoři: | |
| Médium: | E-kniha |
| Jazyk: | Czech |
| Vydáno: |
Praha :
Euromedia Group,
2025
|
| Vydání: | Vydání první |
| Edice: | Mimochodem (Euromedia Group)
|
| Témata: | |
| Tagy: |
Žádné tagy |
| LEADER | 02924nam a2200613 i 4500 | ||
|---|---|---|---|
| 001 | 302423 | ||
| 003 | CZ PrSKC | ||
| 005 | 20260512063242.0 | ||
| 007 | ta | ||
| 008 | 250122s2025 xr e f 001 0 cze | ||
| 015 | |a cnb003667868 | ||
| 020 | |a 9788028405410 |q (brožováno) | ||
| 035 | |a (OCoLC)1527577317 | ||
| 040 | |a BOA001 |b cze |e rda | ||
| 041 | 1 | |a cze |h eng | |
| 072 | 7 | |a 159.92 |x Vývojová psychologie. Individuální psychologie |2 Konspekt | |
| 080 | |a 159.923.5 |2 MRF | ||
| 080 | |a 159.954 |2 MRF | ||
| 080 | |a 159.942-022.212 |2 MRF | ||
| 080 | |a 316.648.4 |2 MRF | ||
| 080 | |a (035) |2 MRF | ||
| 100 | 1 | |a Budak, Alex |7 xx0332534 |4 aut | |
| 240 | 1 | 0 | |a Becoming a changemaker. |l Česky |
| 245 | 1 | 0 | |a Změň to : |b zbavte se strachu ze změn / |c Alex Budak ; z anglického originálu Becoming a changemaker ... přeložil Tomáš Piňos |
| 250 | |a Vydání první | ||
| 264 | 1 | |a Praha : |b Euromedia Group, |c 2025 | |
| 300 | |a 324 stran ; |c 20 cm | ||
| 336 | |a text |b txt |2 rdacontent | ||
| 337 | |a bez média |b n |2 rdamedia | ||
| 338 | |a svazek |b nc |2 rdacarrier | ||
| 490 | 1 | |a Mimochodem | |
| 504 | |a Obsahuje bibliografické odkazy a rejstřík | ||
| 520 | 2 | |a Tato kniha vás bude inspirovat ke změně, a to k jakékoli změně ať už v zaměstnání nebo v osobním životě. |b Nenabádá vás po sobě spalovat mosty, ale spíše se zamyslet nad tím, jestli v nějakém bodě svého života zbytečně nestagnujete především ze strachu z nějaké konkrétní změny. To můžete přenášet i na ostatní a inspirovat je. Tato myšlenka s sebou přináší zejména kreativitu a akci, což je nejdůležitější obrana proti pasivnímu přístupu, z kterého plynou většinou jenom negativní závěry. Nakladatelská anotace. Kráceno. | |
| 650 | 0 | 7 | |a rozvoj osobnosti |7 ph194683 |2 czenas |
| 650 | 0 | 7 | |a sebezdokonalování |7 ph116118 |2 czenas |
| 650 | 0 | 7 | |a sebeřízení |7 ph303239 |2 czenas |
| 650 | 0 | 7 | |a kreativita |7 ph121937 |2 czenas |
| 650 | 0 | 7 | |a negativní emoce |7 ph115428 |2 czenas |
| 650 | 0 | 7 | |a změna postoje |7 ph615993 |2 czenas |
| 650 | 0 | 9 | |a personality development |2 eczenas |
| 650 | 0 | 9 | |a self-actualization |2 eczenas |
| 650 | 0 | 9 | |a self-management |2 eczenas |
| 650 | 0 | 9 | |a creative ability |2 eczenas |
| 650 | 0 | 9 | |a negative emotions |2 eczenas |
| 650 | 0 | 9 | |a attitude change |2 eczenas |
| 655 | 7 | |a příručky |7 fd133209 |2 czenas | |
| 655 | 9 | |a handbooks and manuals |2 eczenas | |
| 700 | 1 | |a Piňos, Tomáš |7 xx0046041 |4 trl | |
| 830 | 0 | |a Mimochodem (Euromedia Group) | |
| 900 | |a ABA001 |b 20 | ||
| 044 | |a xr | ||
| 910 | |a RBIT002 | ||
| 998 | |d 419903 |a https://core.palmknihy.cz/api/books/419903/cover?sup5pd |b https://core.palmknihy.cz/api/books/419903/cover/400?sup5pd |c https://core.palmknihy.cz/api/books/419903/cover/50?sup5pd |e 2029-06-10 |g 328 |i 9788028405410 |j https://core.palmknihy.cz/api/books/419903/preview.epub |l |q 49 |r 1 |s https://www.palmknihy.cz/kniha/419903 |t ebook |y 2025 |z 0 | ||
| 999 | |d 302421 | ||